Online
Catalog

La muñeca / (Record no. 22969)

MARC details
000 -CABECERA
campo de control de longitud fija 01208nam a2200253 u 4500
001 - NÚMERO DE CONTROL
campo de control 000023473
005 - FECHA Y HORA DE LA ÚLTIMA TRANSACCIÓN
campo de control 20200930022237.0
008 - DATOS DE LONGITUD FIJA--INFORMACIÓN GENERAL
campo de control de longitud fija 101209s1987 pr r 000 0 spa d
020 ## - NÚMERO INTERNACIONAL ESTÁNDAR DEL LIBRO
Número Internacional Estándar del Libro 0865814252
040 ## - FUENTE DE LA CATALOGACIÓN
Centro catalogador/agencia de origen DO-SdBNP
Lengua de catalogación spa
Centro/agencia transcriptor BNPHU
082 ## - NÚMERO DE LA CLASIFICACIÓN DECIMAL DEWEY
Número de clasificación PR863.44
Número de documento/Ítem S227m
049 ## - FONDOS LOCALES (OCLC)
Fondos de biblioteca BNGR
100 1# - ENTRADA PRINCIPAL--NOMBRE DE PERSONA
Nombre de persona Sanjurjo, Carmela Eulate
9 (RLIN) 48367
245 13 - MENCIÓN DE TÍTULO
Título La muñeca /
Mención de responsabilidad, etc. Carmela Eulate Sanjurjo; estudio introducción, crítico y notas por Angel M. Aguirre.
260 ## - PUBLICACIÓN, DISTRIBUCIÓN, ETC.
Lugar de publicación, distribución, etc. San Juan :
Nombre del editor, distribuidor, etc. Instituto de Cultura Puertorrigueña ; Río Piedras, Universidad de Puerto Rico,
Fecha de publicación, distribución, etc. 1987.
300 ## - DESCRIPCIÓN FÍSICA
Extensión 143 p. ;
Dimensiones 21 cm.
490 1# - MENCIÓN DE SERIE
Mención de serie Puertorriqueña
Designación de volumen o secuencia 1
500 ## - NOTA GENERAL
Nota general Incluye notas al pie de páginas
505 0# - NOTA DE CONTENIDO CON FORMATO
Información miscelánea Prefacio /
Mención de responsabilidad Juan Martínez Capó y Marta Aponte Alsina
Información miscelánea La muñeca
-- Apendices . Prefacio /
Mención de responsabilidad Manuel Zeno Gardía a la edición de 1895 de la muñeca
Información miscelánea Esquema biográfico /
Mención de responsabilidad Carmela Eulate Sanjurjo(Dorida Mesenia) primera mujer humanista de Puerto Rico
-- Loreina Santos Silva
Información miscelánea Bibliografía de Carmela Sanjurjo /
Mención de responsabilidad Loreina Santos Silva
650 #4 - PUNTO DE ACCESO ADICIONAL DE MATERIA--TÉRMINO DE MATERIA
Término de materia o nombre geográfico como elemento de entrada Novela puertorriqueña
9 (RLIN) 1185
650 #4 - PUNTO DE ACCESO ADICIONAL DE MATERIA--TÉRMINO DE MATERIA
Término de materia o nombre geográfico como elemento de entrada Literatura puertorriqueña
9 (RLIN) 250
710 1# - PUNTO DE ACCESO ADICIONAL--NOMBRE DE ENTIDAD CORPORATIVA
Nombre de entidad corporativa o nombre de jurisdicción como elemento de entrada Aguirre, Angel M.
Término indicativo de función/relación introd.
9 (RLIN) 48368
830 #0 - PUNTO DE ACCESO ADICIONAL DE SERIE-TÍTULO UNIFORME
Título uniforme Puertorriqueña ;
Designación de volumen o secuencia 1
9 (RLIN) 8071
Holdings
Estado de retiro Estado de pérdida Restricciones de uso No para préstamo Código de colección Localización permanente Ubicación/localización actual Ubicación en estantería Fecha de adquisición Número de inventario Total de préstamos Signatura topográfica completa Código de barras Fecha visto por última vez Precio válido a partir de Tipo de ítem Koha
      Excluido de préstamo Monografías: Libros y Folletos General General En catalogación 09.12.2010 LF1   PR863.44 S227m 23473-10 25.06.2020 25.06.2020 No se presta

Powered by Koha